[Event "v4camp2016"]
[Site "?"]
[Date "2016.06.23"]
[Round "4.10"]
[White "Nemcova, Kamila"]
[Black "Holly, Andrej"]
[Result "1/2-1/2"]
[BlackElo "1752"]
[WhiteElo "1743"]
[LiveChessVersion "1.4.8"]

1. e4 {[%clk 1:30:57]} c5 {[%clk 1:30:55]} 2. Nf3 {[%clk 1:31:22]} d6
{[%clk 1:31:21]} 3. d4 {[%clk 1:31:46]} cxd4 {[%clk 1:31:47]} 4. Nxd4
{[%clk 1:32:10]} Nf6 {[%clk 1:32:12]} 5. Nc3 {[%clk 1:32:28]} g6 {[%clk 1:32:15]}
6. Be2 {[%clk 1:32:12]} Bg7 {[%clk 1:32:26]} 7. O-O {[%clk 1:32:12]} Nc6
{[%clk 1:32:01]} 8. Nb3 {[%clk 1:32:15]} O-O {[%clk 1:31:35]} 9. Kh1
{[%clk 1:31:46]} Qc7 {[%clk 1:29:53]} 10. f4 {[%clk 1:25:30]} b6 {[%clk 1:23:16]}
11. Bf3 {[%clk 1:24:56]} Bb7 {[%clk 1:19:08]} 12. Nd5 {[%clk 1:20:30]} Nxd5
{[%clk 1:18:43]} 13. exd5 {[%clk 1:20:22]} Nb4 {[%clk 1:15:03]} 14. c3
{[%clk 1:20:18]} Na6 {[%clk 1:15:10]} 15. Re1 {[%clk 1:16:49]} Nc5
{[%clk 1:11:07]} 16. Nd4 {[%clk 1:14:16]} Ba6 {[%clk 1:03:53]} 17. Be2
{[%clk 1:08:00]} Ne4 {[%clk 0:59:19]} 18. Be3 {[%clk 1:06:33]} Bb7
{[%clk 0:51:43]} 19. Qb3 {[%clk 1:02:26]} Nc5 {[%clk 0:47:21]} 20. Qc4
{[%clk 1:00:53]} Ba6 {[%clk 0:43:22]} 21. Qb4 {[%clk 0:58:43]} Bxe2
{[%clk 0:37:29]} 22. Rxe2 {[%clk 0:58:14]} Qd7 {[%clk 0:33:19]} 23. Nc6
{[%clk 0:56:04]} e6 {[%clk 0:32:18]} 24. Bd4 {[%clk 0:43:31]} Rfe8
{[%clk 0:23:18]} 25. Qc4 {[%clk 0:25:48]} exd5 26. Rxe8+ {[%clk 0:26:04]} Rxe8
{[%clk 0:22:28]} 27. Qxd5 {[%clk 0:26:15]} Re2 {[%clk 0:18:06]} 28. Bxg7
{[%clk 0:23:18]} Kxg7 {[%clk 0:18:27]} 29. c4 {[%clk 0:21:18]} Qe6
{[%clk 0:15:17]} 30. Qd4+ {[%clk 0:20:24]} Kg8 {[%clk 0:15:27]} 31. Nxa7
{[%clk 0:17:51]} Re1+ {[%clk 0:15:17]} 32. Rxe1 {[%clk 0:18:19]} Qxe1+
{[%clk 0:15:43]} 33. Qg1 {[%clk 0:18:44]} Qd2 {[%clk 0:15:42]} 34. Nc8
{[%clk 0:18:38]} Ne4 {[%clk 0:13:24]} 35. Qf1 {[%clk 0:17:15]} Qe3
{[%clk 0:10:52]} 36. Ne7+ {[%clk 0:17:04]} Kg7 {[%clk 0:10:00]} 37. Nd5
{[%clk 0:17:32]} Nf2+ {[%clk 0:09:59]} 38. Kg1 {[%clk 0:17:47]} Nh3+
{[%clk 0:09:55]} 39. Kh1 {[%clk 0:18:14]} Nf2+ {[%clk 0:08:07]} 40. Kg1
{[%clk 0:18:37]} 1/2-1/2

[Event "v4camp2016"]
[Site "?"]
[Date "2016.06.23"]
[Round "4.11"]
[White "Brnusak, Tomas"]
[Black "Volaninova, Sarka"]
[Result "1-0"]
[BlackElo "1752"]
[WhiteElo "1600"]
[LiveChessVersion "1.4.8"]

1. d4 {[%clk 1:30:58]} Nf6 {[%clk 1:30:50]} 2. c4 {[%clk 1:31:21]} e6
{[%clk 1:31:00]} 3. Nc3 {[%clk 1:31:36]} Bb4 {[%clk 1:31:07]} 4. Bg5
{[%clk 1:31:34]} Bxc3+ {[%clk 1:26:01]} 5. bxc3 {[%clk 1:31:47]} d5
{[%clk 1:24:05]} 6. e3 {[%clk 1:30:47]} O-O {[%clk 1:23:19]} 7. Bd3
{[%clk 1:30:07]} b6 {[%clk 1:18:11]} 8. cxd5 {[%clk 1:26:29]} exd5
{[%clk 1:16:48]} 9. Bxf6 {[%clk 1:26:13]} Qxf6 {[%clk 1:16:21]} 10. Qh5
{[%clk 1:26:11]} g6 {[%clk 1:13:26]} 11. Qxd5 {[%clk 1:25:51]} c6
{[%clk 1:12:12]} 12. Qf3 {[%clk 1:26:00]} Qe7 {[%clk 1:10:39]} 13. Ne2
{[%clk 1:25:06]} Bb7 {[%clk 1:08:55]} 14. Ng3 {[%clk 1:23:31]} Nd7
{[%clk 0:58:27]} 15. O-O {[%clk 1:17:41]} Nf6 {[%clk 0:54:59]} 16. e4
{[%clk 1:15:44]} c5 {[%clk 0:50:38]} 17. d5 {[%clk 1:14:44]} Nd7 {[%clk 0:46:11]}
18. Qe3 {[%clk 1:13:22]} Rfe8 {[%clk 0:42:40]} 19. c4 {[%clk 1:12:43]} Rac8
{[%clk 0:40:15]} 20. f4 {[%clk 1:12:05]} b5 {[%clk 0:34:20]} 21. Rab1
{[%clk 1:11:17]} b4 {[%clk 0:31:53]} 22. e5 {[%clk 1:11:21]} a5 {[%clk 0:27:19]}
23. Ne4 {[%clk 1:11:27]} Rb8 {[%clk 0:25:56]} 24. d6 {[%clk 1:10:45]} Qd8
{[%clk 0:22:48]} 25. Qh3 {[%clk 1:08:33]} Kg7 {[%clk 0:19:38]} 26. Nd2
{[%clk 1:06:11]} a4 {[%clk 0:09:44]} 27. Be4 {[%clk 1:05:47]} Bxe4
{[%clk 0:09:33]} 28. Nxe4 {[%clk 1:06:03]} h6 {[%clk 0:06:09]} 29. Rfe1
{[%clk 1:00:48]} Re6 {[%clk 0:02:39]} 30. g4 {[%clk 0:59:51]} Qc8
{[%clk 0:01:27]} 31. Ng3 {[%clk 0:58:48]} Qb7 {[%clk 0:00:50]} 32. Re3
{[%clk 0:58:56]} Qa6 {[%clk 0:00:52]} 33. Qf1 {[%clk 0:54:30]} Ree8
{[%clk 0:00:48]} 34. h4 {[%clk 0:54:31]} Nf8 {[%clk 0:00:45]} 35. f5
{[%clk 0:54:46]} Qc8 {[%clk 0:00:40]} 36. Qf4 {[%clk 0:54:06]} Qd7
{[%clk 0:00:36]} 37. Ne4 {[%clk 0:54:07]} Qc6 {[%clk 0:00:36]} 38. Nf6
{[%clk 0:53:55]} Red8 {[%clk 0:00:45]} 39. Nd5 {[%clk 0:53:52]} Rd7
{[%clk 0:00:36]} 40. Nf6 {[%clk 0:51:50]} Rdd8 {[%clk 0:00:57]} 41. Rb2
{[%clk 0:50:43]} Rb7 {[%clk 0:00:43]} 42. Qg3 {[%clk 0:50:27]} Qa6
{[%clk 0:00:41]} 43. Rc2 {[%clk 0:50:38]} b3 {[%clk 0:00:46]} 44. axb3
{[%clk 0:50:42]} axb3 {[%clk 0:01:05]} 45. Rxb3 {[%clk 0:50:55]} Rxb3
{[%clk 0:01:22]} 46. Qxb3 {[%clk 0:51:09]} Qa1+ {[%clk 0:01:43]} 47. Kg2
{[%clk 0:51:08]} Qxe5 {[%clk 0:01:59]} 48. Nd5 {[%clk 0:50:58]} Rxd6
{[%clk 0:00:52]} 49. Qf3 {[%clk 0:51:02]} Qe8 {[%clk 0:00:36]} 50. Re2
{[%clk 0:51:04]} Qd8 {[%clk 0:00:34]} 51. fxg6 {[%clk 0:50:30]} Rxg6
{[%clk 0:00:34]} 52. Re7 {[%clk 0:50:40]} Kg8 {[%clk 0:00:31]} 53. Qxf7+
{[%clk 0:50:11]} Kh8 {[%clk 0:00:55]} 54. Re8 {[%clk 0:48:23]} Rxg4+
{[%clk 0:00:41]} 55. Kf3 1-0

[Event "v4camp2016"]
[Site "?"]
[Date "2016.06.23"]
[Round "4.12"]
[White "Homolkova, Ivana"]
[Black "Korenova, Simona"]
[Result "1-0"]
[BlackElo "1530"]
[WhiteElo "1645"]
[LiveChessVersion "1.4.8"]

1. e4 {[%clk 1:30:51]} c5 {[%clk 1:30:46]} 2. Nf3 {[%clk 1:31:12]} d6
{[%clk 1:31:08]} 3. c4 {[%clk 1:30:55]} Nf6 {[%clk 1:30:06]} 4. Nc3
{[%clk 1:31:08]} g6 {[%clk 1:30:00]} 5. d4 {[%clk 1:30:51]} cxd4 {[%clk 1:30:07]}
6. Nxd4 {[%clk 1:31:01]} Bg7 {[%clk 1:29:50]} 7. Be3 {[%clk 1:30:30]} O-O
{[%clk 1:29:10]} 8. Be2 {[%clk 1:30:05]} Bd7 {[%clk 1:27:12]} 9. O-O
{[%clk 1:29:57]} Nc6 {[%clk 1:26:42]} 10. a3 {[%clk 1:27:59]} a5 {[%clk 1:20:03]}
11. f3 {[%clk 1:25:52]} Rc8 {[%clk 1:14:48]} 12. Qd2 {[%clk 1:23:45]} Ne5
{[%clk 1:00:12]} 13. b3 {[%clk 1:20:34]} a4 {[%clk 0:50:30]} 14. Qa2
{[%clk 1:16:14]} axb3 {[%clk 0:46:35]} 15. Qxb3 {[%clk 1:16:19]} Qa5
{[%clk 0:41:48]} 16. Nd5 {[%clk 1:14:05]} Nxd5 {[%clk 0:35:54]} 17. cxd5
{[%clk 1:10:38]} Qc3 {[%clk 0:29:05]} 18. Qxc3 {[%clk 1:05:42]} Rxc3
{[%clk 0:29:30]} 19. Bd2 {[%clk 1:05:33]} Rc7 {[%clk 0:28:05]} 20. Rac1
{[%clk 1:03:50]} Rfc8 {[%clk 0:25:43]} 21. Rxc7 {[%clk 1:03:46]} Rxc7
{[%clk 0:26:07]} 22. Rc1 {[%clk 1:03:59]} Rxc1+ {[%clk 0:23:27]} 23. Bxc1
{[%clk 1:04:22]} Nd3 {[%clk 0:21:25]} 24. Bxd3 {[%clk 1:04:28]} Bxd4+
{[%clk 0:21:49]} 25. Kf1 {[%clk 1:04:52]} Kg7 {[%clk 0:21:11]} 26. Ke2
{[%clk 1:05:12]} Kf6 {[%clk 0:20:11]} 27. Bc4 {[%clk 1:04:57]} Ba4
{[%clk 0:18:25]} 28. Kd3 {[%clk 1:04:36]} Ba1 {[%clk 0:15:39]} 29. Bd2
{[%clk 1:00:34]} e5 {[%clk 0:10:47]} 30. Bc3 {[%clk 0:58:30]} Bxc3
{[%clk 0:10:49]} 31. Kxc3 {[%clk 0:58:54]} Ke7 {[%clk 0:09:42]} 32. Kb4
{[%clk 0:58:22]} Bd7 {[%clk 0:08:46]} 33. Bb5 {[%clk 0:57:56]} Kd8
{[%clk 0:01:48]} 34. Ka5 {[%clk 0:58:11]} Bxb5 {[%clk 0:02:00]} 35. Kxb5
{[%clk 0:58:33]} Kc7 {[%clk 0:02:25]} 36. g4 {[%clk 0:57:02]} f6 {[%clk 0:02:08]}
37. h3 {[%clk 0:57:08]} h6 {[%clk 0:02:06]} 38. h4 {[%clk 0:55:17]} h5
{[%clk 0:02:05]} 39. gxh5 {[%clk 0:55:39]} gxh5 {[%clk 0:02:30]} 40. Ka5
{[%clk 0:55:19]} Kc8 {[%clk 0:02:04]} 41. Kb6 {[%clk 0:55:11]} Kb8
{[%clk 0:02:25]} 42. a4 {[%clk 0:55:36]} Kc8 {[%clk 0:01:44]} 43. a5
{[%clk 0:56:00]} Kb8 {[%clk 0:02:01]} 44. a6 {[%clk 0:56:05]} bxa6
{[%clk 0:02:05]} 45. Kxa6 {[%clk 0:56:16]} Kc7 {[%clk 0:01:22]} 46. Ka7
{[%clk 0:56:35]} Kd8 {[%clk 0:01:01]} 47. Kb6 {[%clk 0:56:45]} Kd7
{[%clk 0:01:25]} 48. Kb7 {[%clk 0:57:06]} Kd8 {[%clk 0:01:42]} 49. Kc6
{[%clk 0:57:30]} Ke7 {[%clk 0:01:57]} 50. Kc7 {[%clk 0:57:55]} Ke8
{[%clk 0:01:49]} 51. Kxd6 {[%clk 0:58:20]} Kf7 {[%clk 0:02:10]} 52. Kc7
{[%clk 0:58:42]} Ke7 {[%clk 0:02:26]} 53. d6+ {[%clk 0:59:06]} Ke6
{[%clk 0:02:42]} 54. d7 {[%clk 0:59:20]} 1-0

[Event "v4camp2016"]
[Site "?"]
[Date "2016.06.23"]
[Round "4.13"]
[White "Szotkowski, David"]
[Black "Sankova, Stella"]
[Result "0-1"]
[BlackElo "1792"]
[WhiteElo "1783"]
[LiveChessVersion "1.4.8"]

1. d4 {[%clk 1:30:57]} d5 {[%clk 1:30:50]} 2. c4 {[%clk 1:31:21]} c6
{[%clk 1:31:09]} 3. Nf3 {[%clk 1:31:36]} Nf6 {[%clk 1:31:26]} 4. Nc3
{[%clk 1:31:46]} dxc4 {[%clk 1:31:38]} 5. a4 {[%clk 1:31:52]} Bf5
{[%clk 1:31:52]} 6. Bg5 {[%clk 1:30:50]} Nbd7 {[%clk 1:29:27]} 7. e3
{[%clk 1:30:44]} Qa5 {[%clk 1:20:07]} 8. Bxc4 {[%clk 1:28:41]} Ne4
{[%clk 1:18:19]} 9. Qb3 {[%clk 1:26:18]} e6 {[%clk 1:16:22]} 10. O-O
{[%clk 1:25:34]} Nxg5 {[%clk 1:13:41]} 11. Nxg5 {[%clk 1:25:40]} Be7
{[%clk 1:09:25]} 12. Nf3 {[%clk 1:25:36]} Qb6 {[%clk 1:07:48]} 13. a5
{[%clk 1:22:13]} Qxb3 {[%clk 1:07:46]} 14. Bxb3 {[%clk 1:22:33]} O-O
{[%clk 1:03:37]} 15. Nd2 {[%clk 1:20:09]} Nf6 {[%clk 0:59:28]} 16. e4
{[%clk 1:19:54]} Bg6 {[%clk 0:59:51]} 17. f3 {[%clk 1:19:20]} Rfd8
{[%clk 0:58:56]} 18. Ne2 {[%clk 1:19:00]} c5 {[%clk 0:57:13]} 19. Ra4
{[%clk 1:16:34]} cxd4 {[%clk 0:56:45]} 20. Kh1 {[%clk 1:13:03]} Rac8
{[%clk 0:52:26]} 21. e5 {[%clk 1:08:12]} Nd7 {[%clk 0:48:43]} 22. f4
{[%clk 1:03:01]} Bd3 {[%clk 0:42:21]} 23. Bc4 {[%clk 0:57:48]} Nc5
{[%clk 0:40:04]} 24. Ra2 {[%clk 0:56:03]} Bxc4 {[%clk 0:38:09]} 25. Nxc4
{[%clk 0:56:18]} Ne4 {[%clk 0:37:54]} 26. Ra4 {[%clk 0:47:33]} d3
{[%clk 0:36:04]} 27. Nc3 {[%clk 0:46:03]} d2 {[%clk 0:32:38]} 28. Nd1
{[%clk 0:45:53]} Rd4 {[%clk 0:25:17]} 29. Nb6 {[%clk 0:40:43]} Rxa4
{[%clk 0:23:52]} 30. Nxa4 {[%clk 0:41:04]} Bb4 {[%clk 0:22:59]} 31. g3
{[%clk 0:39:09]} Bxa5 {[%clk 0:22:22]} 32. Kg2 {[%clk 0:38:47]} Rc4
{[%clk 0:21:54]} 33. b3 {[%clk 0:38:19]} Rb4 {[%clk 0:19:48]} 34. Rf3
{[%clk 0:37:03]} b5 {[%clk 0:17:13]} 35. Nab2 {[%clk 0:37:04]} Bb6
{[%clk 0:16:09]} 36. Kf1 {[%clk 0:36:55]} Nc5 {[%clk 0:15:35]} 37. Rc3
{[%clk 0:33:18]} Rxb3 {[%clk 0:15:18]} 38. Rc2 {[%clk 0:33:22]} g6
{[%clk 0:15:04]} 39. Rxd2 {[%clk 0:33:29]} Ne4 {[%clk 0:14:14]} 40. Rd7
{[%clk 0:32:38]} Nc3 {[%clk 0:11:24]} 41. Rd3 {[%clk 0:31:48]} b4
{[%clk 0:11:51]} 42. Na4 {[%clk 0:31:03]} Rb1 {[%clk 0:11:39]} 43. Nab2
{[%clk 0:23:11]} Kg7 {[%clk 0:10:39]} 44. Ke1 {[%clk 0:23:11]} Nxd1
{[%clk 0:10:52]} 45. Nxd1 {[%clk 0:23:28]} b3 {[%clk 0:10:19]} 46. Kd2
{[%clk 0:23:14]} Ba5+ {[%clk 0:10:38]} 47. Nc3 {[%clk 0:22:49]} Rb2+
{[%clk 0:09:38]} 48. Kd1 {[%clk 0:22:11]} Rxh2 {[%clk 0:08:15]} 49. Na4
{[%clk 0:19:19]} Rh1+ {[%clk 0:08:15]} 50. Ke2 {[%clk 0:19:39]} b2
{[%clk 0:08:29]} 51. Nxb2 {[%clk 0:17:39]} Rh2+ {[%clk 0:08:51]} 0-1

[Event "v4camp2016"]
[Site "?"]
[Date "2016.06.23"]
[Round "4.14"]
[White "Cibikova, Sofia Anna"]
[Black "Berezjuk, Rostislav"]
[Result "1/2-1/2"]
[BlackElo "1588"]
[WhiteElo "1716"]
[LiveChessVersion "1.4.8"]

1. Nf3 {[%clk 1:30:58]} d5 {[%clk 1:30:35]} 2. d4 {[%clk 1:31:12]} Bf5
{[%clk 1:30:40]} 3. c4 {[%clk 1:30:48]} e6 {[%clk 1:30:35]} 4. e3
{[%clk 1:30:10]} Nf6 {[%clk 1:29:15]} 5. Nc3 {[%clk 1:29:26]} c6 {[%clk 1:27:59]}
6. Be2 {[%clk 1:27:44]} Bd6 {[%clk 1:27:44]} 7. O-O {[%clk 1:26:45]} O-O
{[%clk 1:27:05]} 8. Nh4 {[%clk 1:24:23]} Bg6 {[%clk 1:24:58]} 9. Nxg6
{[%clk 1:24:22]} hxg6 {[%clk 1:24:49]} 10. Bd2 {[%clk 1:22:19]} Re8
{[%clk 1:23:46]} 11. cxd5 {[%clk 1:21:00]} cxd5 {[%clk 1:20:56]} 12. Rc1
{[%clk 1:15:51]} a6 {[%clk 1:17:32]} 13. a3 {[%clk 1:11:24]} Nc6 {[%clk 1:14:51]}
14. b4 {[%clk 1:10:18]} Qe7 {[%clk 1:10:18]} 15. Qb3 {[%clk 1:05:09]} e5
{[%clk 1:01:24]} 16. Nxd5 {[%clk 0:58:55]} Nxd5 {[%clk 1:01:21]} 17. Qxd5
{[%clk 0:59:10]} exd4 {[%clk 1:01:28]} 18. Bf3 {[%clk 0:58:03]} Rad8
{[%clk 1:00:31]} 19. Qb3 {[%clk 0:57:15]} Qe5 {[%clk 0:53:15]} 20. g3
{[%clk 0:56:17]} Rc8 {[%clk 0:52:35]} 21. Rfe1 {[%clk 0:53:07]} dxe3
{[%clk 0:42:25]} 22. Bxe3 {[%clk 0:50:45]} Qe6 {[%clk 0:37:48]} 23. Qxe6
{[%clk 0:49:20]} Rxe6 {[%clk 0:37:46]} 24. Bg4 {[%clk 0:47:32]} f5
{[%clk 0:38:04]} 25. Bf3 {[%clk 0:47:59]} Re7 {[%clk 0:36:47]} 26. Red1
{[%clk 0:45:58]} Be5 {[%clk 0:33:56]} 27. Bd5+ {[%clk 0:44:47]} Kh7
{[%clk 0:33:43]} 28. Bxc6 {[%clk 0:43:11]} Rxc6 {[%clk 0:31:31]} 29. Rxc6
{[%clk 0:43:06]} bxc6 {[%clk 0:31:54]} 30. Bc5 {[%clk 0:38:54]} Rb7
{[%clk 0:28:26]} 31. Rd3 {[%clk 0:36:58]} Rb8 {[%clk 0:24:50]} 32. Kf1
{[%clk 0:36:15]} Ra8 {[%clk 0:21:45]} 33. f4 {[%clk 0:31:19]} Bb2
{[%clk 0:19:39]} 34. Ke2 {[%clk 0:29:38]} a5 {[%clk 0:19:05]} 35. Kd2
{[%clk 0:27:28]} axb4 {[%clk 0:16:54]} 36. Bxb4 {[%clk 0:27:50]} Rc8
{[%clk 0:15:35]} 37. Kc2 {[%clk 0:26:08]} Bf6 {[%clk 0:15:07]} 38. Bc5
{[%clk 0:24:51]} Rb8 {[%clk 0:13:32]} 39. Rb3 {[%clk 0:22:49]} Re8
{[%clk 0:13:11]} 40. Kd3 {[%clk 0:22:26]} g5 {[%clk 0:12:13]} 41. fxg5
{[%clk 0:20:22]} Bxg5 {[%clk 0:12:21]} 42. Bb6 {[%clk 0:19:38]} Re1
{[%clk 0:07:55]} 43. a4 {[%clk 0:16:32]} f4 {[%clk 0:07:07]} 44. gxf4
{[%clk 0:15:53]} Bxf4 {[%clk 0:07:21]} 45. h3 {[%clk 0:16:02]} Kg6
{[%clk 0:03:25]} 46. Rc3 {[%clk 0:14:26]} Kf7 {[%clk 0:02:31]} 47. Rxc6
{[%clk 0:14:16]} g5 {[%clk 0:01:44]} 48. a5 {[%clk 0:13:21]} Rh1 {[%clk 0:01:55]}
49. a6 {[%clk 0:12:52]} Rxh3+ {[%clk 0:02:07]} 50. Ke4 {[%clk 0:13:14]} Bb8
{[%clk 0:01:12]} 51. a7 {[%clk 0:11:42]} Bxa7 {[%clk 0:01:25]} 1/2-1/2

[Event "v4camp2016"]
[Site "?"]
[Date "2016.06.23"]
[Round "4.15"]
[White "Fortiak, Samuel"]
[Black "Cabanova, Kristina"]
[Result "0-1"]
[BlackElo "1591"]
[WhiteElo "1503"]
[LiveChessVersion "1.4.8"]

1. e4 {[%clk 1:30:51]} e6 {[%clk 1:30:26]} 2. d4 {[%clk 1:30:48]} d5
{[%clk 1:30:03]} 3. exd5 {[%clk 1:27:07]} exd5 {[%clk 1:30:23]} 4. Bd3
{[%clk 1:26:12]} Bd6 {[%clk 1:30:42]} 5. Nf3 {[%clk 1:25:30]} Ne7
{[%clk 1:30:03]} 6. O-O {[%clk 1:18:31]} O-O {[%clk 1:29:41]} 7. c3
{[%clk 1:14:41]} Bf5 {[%clk 1:26:52]} 8. Bg5 {[%clk 1:09:47]} Bxd3
{[%clk 1:19:45]} 9. Qxd3 {[%clk 1:09:41]} f6 {[%clk 1:19:56]} 10. Bh4
{[%clk 1:06:27]} c6 {[%clk 1:15:50]} 11. Bg3 {[%clk 1:01:50]} Ng6
{[%clk 1:12:35]} 12. Nh4 {[%clk 0:54:39]} Nf4 {[%clk 1:07:42]} 13. Bxf4
{[%clk 0:52:19]} Bxf4 {[%clk 1:07:40]} 14. g3 {[%clk 0:52:35]} Bc7
{[%clk 1:07:07]} 15. Nd2 {[%clk 0:45:46]} Nd7 {[%clk 1:04:00]} 16. Rfe1
{[%clk 0:44:56]} Nb6 {[%clk 1:03:08]} 17. Re3 {[%clk 0:43:02]} Qd7
{[%clk 1:02:44]} 18. Rae1 {[%clk 0:40:35]} Rae8 {[%clk 1:02:42]} 19. Qe2
{[%clk 0:39:11]} Rxe3 {[%clk 1:02:03]} 20. Qxe3 {[%clk 0:37:46]} Nc8
{[%clk 1:00:45]} 21. Qf3 {[%clk 0:34:05]} Re8 {[%clk 1:00:29]} 22. Rxe8+
{[%clk 0:28:20]} Qxe8 {[%clk 1:00:44]} 23. Kf1 {[%clk 0:28:30]} Nb6
{[%clk 0:56:59]} 24. b3 {[%clk 0:26:21]} Nc8 {[%clk 0:51:50]} 25. Nf5
{[%clk 0:25:46]} Ba5 {[%clk 0:46:11]} 26. Qg4 {[%clk 0:22:53]} g6
{[%clk 0:44:20]} 27. Nb1 {[%clk 0:22:05]} h5 {[%clk 0:41:38]} 28. Nh6+
{[%clk 0:18:19]} Kg7 {[%clk 0:41:43]} 29. Qf4 {[%clk 0:18:32]} Qe4
{[%clk 0:40:20]} 30. Qxe4 {[%clk 0:07:16]} dxe4 {[%clk 0:40:39]} 31. b4
{[%clk 0:07:25]} Bc7 {[%clk 0:40:53]} 32. Nd2 {[%clk 0:07:06]} Nd6
{[%clk 0:39:21]} 33. c4 {[%clk 0:04:51]} Kxh6 {[%clk 0:38:44]} 34. c5
{[%clk 0:04:54]} Nb5 {[%clk 0:39:03]} 35. Nxe4 {[%clk 0:02:34]} f5
{[%clk 0:39:32]} 36. a4 {[%clk 0:01:42]} Nxd4 {[%clk 0:39:58]} 37. Nc3
{[%clk 0:01:46]} Kg7 {[%clk 0:40:05]} 38. b5 {[%clk 0:01:52]} cxb5
{[%clk 0:40:32]} 39. Nxb5 {[%clk 0:01:39]} Nxb5 {[%clk 0:41:00]} 40. axb5
{[%clk 0:01:59]} Kf7 {[%clk 0:41:18]} 41. Ke2 {[%clk 0:02:04]} g5
{[%clk 0:41:24]} 42. Kd3 Ke6 {[%clk 0:41:16]} 43. Kd4 {[%clk 0:00:43]} Bd8 0-1

[Event "v4camp2016"]
[Site "?"]
[Date "2016.06.23"]
[Round "4.16"]
[White "Bobrova, Katarina"]
[Black "Niczyporuk, Jakub"]
[Result "1/2-1/2"]
[BlackElo "1227"]
[WhiteElo "1442"]
[LiveChessVersion "1.4.8"]

1. Nf3 {[%clk 1:30:55]} d5 {[%clk 1:30:34]} 2. d4 {[%clk 1:30:59]} Nf6
{[%clk 1:30:25]} 3. Bf4 {[%clk 1:30:05]} Nc6 {[%clk 1:30:08]} 4. e3
{[%clk 1:28:41]} Bg4 {[%clk 1:30:33]} 5. Be2 {[%clk 1:27:26]} e6 {[%clk 1:29:49]}
6. Nbd2 {[%clk 1:25:42]} Bd6 {[%clk 1:27:04]} 7. Bg3 {[%clk 1:24:15]} O-O
{[%clk 1:23:00]} 8. O-O {[%clk 1:22:59]} h6 {[%clk 1:21:57]} 9. c4
{[%clk 1:20:52]} Ne7 {[%clk 1:20:03]} 10. Rc1 {[%clk 1:18:20]} Bxg3
{[%clk 1:19:50]} 11. hxg3 {[%clk 1:18:20]} b6 {[%clk 1:18:30]} 12. Ne5
{[%clk 1:15:59]} Bxe2 {[%clk 1:18:01]} 13. Qxe2 {[%clk 1:16:05]} Nd7
{[%clk 1:18:25]} 14. Ndf3 {[%clk 1:14:40]} Rc8 {[%clk 1:16:19]} 15. b4
{[%clk 1:11:39]} c5 {[%clk 1:14:49]} 16. Nxd7 {[%clk 1:08:22]} Qxd7
{[%clk 1:11:47]} 17. Ne5 {[%clk 1:07:17]} Qa4 {[%clk 1:09:52]} 18. cxd5
{[%clk 1:07:11]} Qxb4 {[%clk 1:06:46]} 19. dxe6 {[%clk 1:05:26]} fxe6
{[%clk 1:06:44]} 20. Qg4 {[%clk 0:59:59]} Nf5 {[%clk 1:02:13]} 21. dxc5
{[%clk 0:55:25]} Qxg4 {[%clk 1:02:18]} 22. Nxg4 {[%clk 0:55:35]} Rxc5
{[%clk 1:01:55]} 23. Rxc5 {[%clk 0:54:44]} bxc5 {[%clk 1:02:20]} 24. Rc1
{[%clk 0:55:00]} Rc8 {[%clk 1:02:45]} 25. Ne5 {[%clk 0:52:18]} Nd6
{[%clk 1:02:03]} 26. f3 {[%clk 0:51:38]} c4 {[%clk 1:01:17]} 27. Kf2
{[%clk 0:51:12]} c3 {[%clk 1:00:09]} 28. Ke2 {[%clk 0:50:53]} Nb5
{[%clk 1:00:10]} 29. Nd3 {[%clk 0:50:34]} Kf7 {[%clk 0:59:29]} 30. Kd1
{[%clk 0:49:23]} Kf6 {[%clk 0:58:47]} 31. Ke2 {[%clk 0:46:46]} Kg5
{[%clk 0:56:56]} 32. a4 {[%clk 0:46:41]} Na3 {[%clk 0:55:50]} 33. Ra1 1/2-1/2

[Event "v4camp2016"]
[Site "?"]
[Date "2016.06.23"]
[Round "4.17"]
[White "Kuna, Martin"]
[Black "Chwistek, Karel"]
[Result "1/2-1/2"]
[BlackElo "1945"]
[WhiteElo "1861"]
[LiveChessVersion "1.4.8"]

1. e4 {[%clk 1:30:55]} c5 {[%clk 1:30:53]} 2. Nc3 {[%clk 1:31:03]} Nc6
{[%clk 1:30:40]} 3. g3 {[%clk 1:30:54]} g6 {[%clk 1:30:48]} 4. Bg2
{[%clk 1:31:00]} Bg7 {[%clk 1:31:13]} 5. d3 {[%clk 1:31:07]} d6 {[%clk 1:31:22]}
6. Be3 {[%clk 1:31:27]} e6 {[%clk 1:31:42]} 7. Qd2 {[%clk 1:31:50]} Nge7
{[%clk 1:25:11]} 8. Nge2 {[%clk 1:27:49]} a6 {[%clk 1:24:00]} 9. Bh6
{[%clk 1:21:52]} O-O {[%clk 1:23:02]} 10. h4 {[%clk 1:20:58]} f5 {[%clk 1:21:32]}
11. Bxg7 {[%clk 1:18:04]} Kxg7 {[%clk 1:21:45]} 12. h5 {[%clk 1:17:48]} Rf7
{[%clk 1:21:22]} 13. Nf4 {[%clk 1:16:52]} g5 {[%clk 1:17:33]} 14. h6+
{[%clk 1:12:15]} Kh8 {[%clk 1:16:05]} 15. Nh5 {[%clk 1:12:16]} Nd4
{[%clk 1:14:35]} 16. O-O-O {[%clk 1:07:32]} Ng6 {[%clk 1:13:47]} 17. exf5
{[%clk 1:05:22]} Nxf5 {[%clk 1:13:36]} 18. Ne4 {[%clk 1:02:56]} g4
{[%clk 1:09:08]} 19. Ng5 {[%clk 0:58:54]} Re7 {[%clk 1:07:52]} 20. Nf6
{[%clk 0:55:32]} Ne5 {[%clk 1:06:29]} 21. Qf4 {[%clk 0:50:22]} Bd7
{[%clk 0:57:26]} 22. Rde1 {[%clk 0:36:53]} Qc7 {[%clk 0:51:48]} 23. Nxg4
{[%clk 0:34:35]} Ng6 {[%clk 0:51:47]} 24. Qd2 {[%clk 0:31:52]} Rf8
{[%clk 0:49:47]} 25. Be4 {[%clk 0:27:00]} e5 {[%clk 0:47:50]} 26. Bxf5
{[%clk 0:26:08]} Bxf5 {[%clk 0:48:14]} 27. Ne3 {[%clk 0:26:34]} Be6
{[%clk 0:48:20]} 28. Nxe6 {[%clk 0:26:59]} Rxe6 {[%clk 0:48:45]} 29. Ng4
{[%clk 0:23:29]} Re7 {[%clk 0:47:34]} 30. Qg5 {[%clk 0:21:50]} Ref7
{[%clk 0:47:30]} 31. Rhf1 {[%clk 0:21:48]} c4 {[%clk 0:45:05]} 32. Qd2
{[%clk 0:18:41]} b5 {[%clk 0:42:22]} 33. dxc4 {[%clk 0:17:57]} Qxc4
{[%clk 0:42:00]} 34. f4 {[%clk 0:15:30]} exf4 {[%clk 0:35:42]} 35. Qxd6
{[%clk 0:11:41]} Qxa2 {[%clk 0:30:04]} 36. Qd4+ {[%clk 0:09:14]} Kg8
{[%clk 0:30:28]} 37. gxf4 {[%clk 0:09:37]} Qa1+ {[%clk 0:27:49]} 38. Kd2
{[%clk 0:10:00]} Qa5+ {[%clk 0:28:17]} 1/2-1/2